[Event "SVK-chT2D 2223"]
[Site "Slovakia"]
[Date "2022.11.27"]
[Round "6.6"]
[White "Hrabcak, Stefan"]
[Black "Lihosith, Peter"]
[Result "0-1"]
[WhiteElo "1577"]
[BlackElo "1794"]
[PlyCount "110"]
[EventDate "2022.10.08"]
[EventType "team-tourn"]
[EventRounds "11"]
[EventCountry "SVK"]
[SourceTitle "EXT 2024"]
[Source "ChessBase"]
[SourceDate "2023.10.10"]
[SourceVersion "1"]
[SourceVersionDate "2023.10.10"]
[SourceQuality "1"]
[WhiteTeam "Sabinov"]
[BlackTeam "Bardejov BSK"]
[WhiteTeamCountry "SVK"]
[BlackTeamCountry "SVK"]

1. e4 c5 2. Nf3 d6 3. d4 cxd4 4. Nxd4 Nf6 5. Nc3 a6 6. a3 e5 7. Nf3 Be7 8. h3 Nbd7 9. Bd3 b5 10. Bg5 0-0 11. 0-0 Bb7 12. Bxf6 Nxf6 13. Re1 g6 14. Rc1 Nh5 15. Nd5 Bxd5 16. exd5 f5 17. Bf1 Qb6 18. c3 Rac8 19. Qb3 Bf6 20. Red1 Ng3 21. Rc2 Nxf1 22. Kxf1 Qc5 23. Qb4 Rf7 24. Qxc5 Rxc5 25. Rcd2 h5 26. Ke2 e4 27. Ne1 Bg5 28. Rc2 Re7 29. g3 Re5 30. h4 Bh6 31. f4 exf3+ 32. Kxf3 Rcxd5 33. Rxd5 Rxd5 34. Ke2 Re5+ 35. Kf2 Be3+ 36. Kf3 Bb6 37. Ng2 Kf7 38. Re2 Rd5 39. Nf4 Rd1 40. Kg2 Bd8 41. Ne6 Bf6 42. Nf4 Be5 43. Nh3 Rd3 44. Ng5+ Ke7 45. Nf3 Ke6 46. Kf2 Kd5 47. Nxe5 dxe5 48. Kg2 a5 49. Kf2 e4 50. Kg2 Kc4 51. Kf2 Kb3 52. Kg2 Rd1 53. Kf2 Rb1 54. Ke3 Rxb2 55. Re1 Kxc3 0-1

[Event "SVK-ch Amateurs"]
[Site "Radava"]
[Date "2022.11.15"]
[Round "4"]
[White "Merva, Frantisek"]
[Black "Lihosith, Peter"]
[Result "1-0"]
[WhiteElo "1990"]
[BlackElo "1800"]
[PlyCount "65"]
[EventDate "2022.11.14"]
[EventType "swiss"]
[EventRounds "8"]
[EventCountry "SVK"]
[SourceTitle "CBM 211 Extra"]
[Source "ChessBase"]
[SourceDate "2023.01.31"]
[SourceVersion "1"]
[SourceVersionDate "2023.01.31"]
[SourceQuality "1"]

1. e4 c5 2. Nf3 d6 3. d4 cxd4 4. Nxd4 Nf6 5. Nc3 a6 6. h3 e5 7. Nde2 Nbd7 8. g4 Nc5 9. Bg2 Qa5 10. 0-0 h6 11. Be3 Ne6 12. Nd5 Nxd5 13. exd5 Nd8 14. f4 Qc7 15. Qd2 f6 16. fxe5 dxe5 17. b4 Bd6 18. c4 Qxc4 19. Rfc1 Qxb4 20. Qc2 Qb5 21. Qg6+ Nf7 22. Nc3 Qa5 23. Ne4 Bf8 24. Rab1 Qd8 25. Bb6 Qe7 26. Rc7 Bd7 27. d6 Qe6 28. Nc5 Qxd6 29. Rxd7 Qxc5+ 30. Bxc5 Bxc5+ 31. Kh1 Be7 32. Rxe7+ Kxe7 33. Rxb7+ 1-0

[Event "SVK-ch Amateurs"]
[Site "Radava"]
[Date "2022.11.14"]
[Round "1"]
[White "Lihosith, Peter"]
[Black "Zambor, Norbert"]
[Result "0-1"]
[WhiteElo "1800"]
[BlackElo "2272"]
[PlyCount "80"]
[EventDate "2022.11.14"]
[EventType "swiss"]
[EventRounds "8"]
[EventCountry "SVK"]
[SourceTitle "CBM 211 Extra"]
[Source "ChessBase"]
[SourceDate "2023.01.31"]
[SourceVersion "1"]
[SourceVersionDate "2023.01.31"]
[SourceQuality "1"]

1. e4 c5 2. Nc3 e6 3. g3 Nc6 4. Bg2 g6 5. Nge2 Bg7 6. d3 Nge7 7. Be3 Nd4 8. f4 d6 9. 0-0 0-0 10. h3 a6 11. a4 Rb8 12. Qd2 b5 13. Rab1 d5 14. axb5 axb5 15. e5 Nxe2+ 16. Nxe2 d4 17. Bf2 Bb7 18. c3 Bxg2 19. Kxg2 dxc3 20. bxc3 Qd5+ 21. Kh2 Rfd8 22. d4 c4 23. g4 Nc6 24. Bh4 Rd7 25. Ng3 b4 26. cxb4 Nxd4 27. Qe3 Nc2 28. Qc3 Qd2+ 29. Qxd2 Rxd2+ 30. Kh1 Rxb4 31. Rxb4 Nxb4 32. Ne4 Rd4 33. Nf6+ Bxf6 34. Bxf6 Nd5 35. Bg5 c3 36. f5 c2 37. fxe6 fxe6 38. Kh2 Rd1 39. Kg2 Rxf1 40. Kxf1 Nc3 0-1

[Event "SVK-chT2D 2223"]
[Site "Slovakia"]
[Date "2022.10.08"]
[Round "1.5"]
[White "Lihosith, Peter"]
[Black "Polomsky, Tomas"]
[Result "1-0"]
[WhiteElo "1782"]
[BlackElo "1587"]
[PlyCount "85"]
[EventDate "2022.10.08"]
[EventType "team-tourn"]
[EventRounds "11"]
[EventCountry "SVK"]
[SourceTitle "EXT 2024"]
[Source "ChessBase"]
[SourceDate "2023.10.10"]
[SourceVersion "1"]
[SourceVersionDate "2023.10.10"]
[SourceQuality "1"]
[WhiteTeam "Bardejov BSK"]
[BlackTeam "Kosice Slavia UPJS III"]
[WhiteTeamCountry "SVK"]
[BlackTeamCountry "SVK"]

1. e4 c5 2. Nc3 Nc6 3. g3 g6 4. Bg2 Bg7 5. Nge2 d6 6. 0-0 Nf6 7. d3 Bd7 8. h3 0-0 9. f4 Qc8 10. g4 h5 11. g5 Ne8 12. Kh2 e6 13. Be3 Nc7 14. d4 cxd4 15. Nxd4 Nxd4 16. Bxd4 e5 17. Be3 exf4 18. Bxf4 Be5 19. Qf3 Bc6 20. Rad1 Ne6 21. Bxe5 dxe5 22. Qf6 Qc7 23. Nd5 Bxd5 24. exd5 Nf4 25. c3 Nxg2 26. Kxg2 Qc4 27. Qxe5 Rae8 28. Qd4 Qxa2 29. Rd2 Qa5 30. c4 Qa4 31. Qd3 Qd7 32. Rf6 Re5 33. Qg3 Rfe8 34. Rdf2 Re2 35. R6f3 Qa4 36. b3 Qa2 37. Rxf7 Rxf2+ 38. Rxf2 Qa6 39. Qf3 Rc8 40. Qf7+ Kh8 41. Re2 Qb6 42. Re7 Qf2+ 43. Kxf2 1-0

[Event "SVK-chT1E 2122"]
[Site "Slovakia"]
[Date "2022.04.24"]
[Round "9.7"]
[White "Lihosith, Peter"]
[Black "Sventek, Anton"]
[Result "1-0"]
[WhiteElo "1782"]
[BlackElo "2058"]
[PlyCount "101"]
[EventDate "2022.01.29"]
[EventType "team-tourn"]
[EventRounds "11"]
[EventCountry "SVK"]
[SourceTitle "EXT 2023"]
[Source "ChessBase"]
[SourceDate "2022.10.05"]
[SourceVersion "1"]
[SourceVersionDate "2022.10.05"]
[SourceQuality "1"]
[WhiteTeam "Bardejov"]
[BlackTeam "Cadca"]
[WhiteTeamCountry "SVK"]
[BlackTeamCountry "SVK"]

1. e4 e6 2. e5 d5 3. exd6 cxd6 4. d4 Nf6 5. Nf3 Be7 6. Bd3 b6 7. 0-0 Bb7 8. Re1 0-0 9. h3 Nbd7 10. c3 Rc8 11. Bf4 Re8 12. Nbd2 Nf8 13. Rc1 Ng6 14. Bh2 Rc7 15. Qe2 Bf8 16. Bc2 Qc8 17. Ne4 Nxe4 18. Bxe4 Bxe4 19. Qxe4 Qa6 20. a3 Qb5 21. Qe2 Qxe2 22. Rxe2 Rec8 23. Rce1 Rb7 24. g4 b5 25. Nd2 a5 26. f4 d5 27. f5 exf5 28. gxf5 Nh4 29. Rf1 b4 30. Bg3 g5 31. cxb4 axb4 32. a4 Rc2 33. Bxh4 gxh4 34. Rg2+ Kh8 35. f6 Rxb2 36. Rc1 Rb8 37. Rb1 Rxb1+ 38. Nxb1 Bh6 39. Kf1 Rc8 40. Nd2 Be3 41. Nb3 Rc6 42. Ra2 Rxf6+ 43. Ke1 Rg6 44. Rh2 f5 45. Ke2 f4 46. Rh1 Rg2+ 47. Kf3 Rb2 48. Nc5 Rf2+ 49. Kg4 Rg2+ 50. Kf3 h5 51. Kxg2 1-0

[Event "Piestany Slovakia op"]
[Site "Piestany"]
[Date "2021.07.12"]
[Round "3"]
[White "Fizerova, Lucie"]
[Black "Lihosith, Peter"]
[Result "1-0"]
[WhiteElo "1544"]
[BlackElo "1891"]
[PlyCount "67"]
[EventDate "2021.07.10"]
[EventType "swiss"]
[EventRounds "9"]
[EventCountry "SVK"]
[SourceTitle "CBM 203 Extra"]
[Source "ChessBase"]
[SourceDate "2021.09.30"]
[SourceVersion "1"]
[SourceVersionDate "2021.09.30"]
[SourceQuality "1"]

1. e4 d6 2. d4 Nf6 3. Nc3 c6 4. f4 Qa5 5. Bd3 Nbd7 6. e5 Nd5 7. Nf3 Nxc3 8. bxc3 d5 9. e6 Nf6 10. exf7+ Kd8 11. 0-0 Bg4 12. Qe1 Qc7 13. Ne5 e6 14. Nxg4 Nxg4 15. Qxe6 Qd7 16. Qxd7+ Kxd7 17. Bf5+ Ke7 18. Bxg4 Kxf7 19. Rb1 Rb8 20. f5 Bd6 21. Bh5+ Kf6 22. h4 h6 23. g4 Ke7 24. Re1+ Kd7 25. Re6 Bg3 26. Ba3 Bxh4 27. Bd6 b5 28. Bxb8 Rxb8 29. a4 a6 30. axb5 axb5 31. Ra1 Rb7 32. Be8+ Kc7 33. Rxc6+ Kd8 34. Ra8+ 1-0

[Event "Piestany Slovakia op"]
[Site "Piestany"]
[Date "2021.07.11"]
[Round "2"]
[White "Lihosith, Peter"]
[Black "Jablonicky, Martin"]
[Result "0-1"]
[WhiteElo "1891"]
[BlackElo "2298"]
[PlyCount "80"]
[EventDate "2021.07.10"]
[EventType "swiss"]
[EventRounds "9"]
[EventCountry "SVK"]
[SourceTitle "CBM 203 Extra"]
[Source "ChessBase"]
[SourceDate "2021.09.30"]
[SourceVersion "1"]
[SourceVersionDate "2021.09.30"]
[SourceQuality "1"]

1. e4 Nf6 2. Nc3 d6 3. d4 g6 4. h3 Bg7 5. f4 0-0 6. Be3 b6 7. Bd3 c5 8. d5 e6 9. Qf3 exd5 10. e5 dxe5 11. fxe5 Ne8 12. Qxd5 Qxd5 13. Nxd5 Nc6 14. Bb5 Nxe5 15. Bxe8 Rxe8 16. Nc7 Bb7 17. 0-0-0 Nc4 18. Nxe8 Rxe8 19. Bg5 Bxb2+ 20. Kb1 f6 21. Bh6 Bc3 22. Nf3 Bxf3 23. gxf3 Ne5 24. f4 Nf7 25. Rd3 Ba5 26. Rd7 Nxh6 27. Rxa7 Nf5 28. h4 Re7 29. Ra8+ Kg7 30. Kb2 h5 31. c3 Re2+ 32. Kb3 Re3 33. Rd1 Rxc3+ 34. Kb2 Nd4 35. f5 Rc2+ 36. Kb1 Bc3 37. Re8 Rb2+ 38. Kc1 Ne2+ 39. Rxe2 Rxe2 40. Rd7+ Kh6 0-1

[Event "Piestany Slovakia op"]
[Site "Piestany"]
[Date "2021.07.10"]
[Round "1"]
[White "Sahidi, Sear"]
[Black "Lihosith, Peter"]
[Result "0-1"]
[WhiteElo "1263"]
[BlackElo "1891"]
[PlyCount "90"]
[EventDate "2021.07.10"]
[EventType "swiss"]
[EventRounds "9"]
[EventCountry "SVK"]
[SourceTitle "CBM 203 Extra"]
[Source "ChessBase"]
[SourceDate "2021.09.30"]
[SourceVersion "1"]
[SourceVersionDate "2021.09.30"]
[SourceQuality "1"]

1. e4 d6 2. d4 Nf6 3. Nc3 c6 4. Nf3 Qa5 5. Bd2 Nbd7 6. Bc4 h6 7. 0-0 e5 8. Re1 Qc7 9. d5 Be7 10. h3 Nf8 11. Qe2 Ng6 12. Bb3 0-0 13. Qc4 Bd7 14. dxc6 bxc6 15. Rad1 Rac8 16. Be3 Qa5 17. Qa4 Qxa4 18. Nxa4 Rc7 19. Rd2 Nxe4 20. Rd3 c5 21. c4 f5 22. Nc3 Nxc3 23. Rxc3 Bc6 24. Nh2 e4 25. Bc1 Bf6 26. Rc2 a5 27. a3 Rb8 28. Ba2 Ba4 29. Rce2 Be5 30. Nf1 Rcb7 31. Ne3 Ne7 32. Nd1 Nc6 33. g3 Nd4 34. Re3 Nc2 35. R1e2 Nxe3 36. Nxe3 g6 37. Nd5 Kf7 38. Kg2 h5 39. h4 Bxb2 40. Bf4 Be5 41. Bxe5 dxe5 42. Rd2 Rb2 43. Rxb2 Rxb2 44. Nc3 Bc6 45. Kf1 Rc2 0-1

[Event "SVK-chT1E 1920"]
[Site "Slovakia"]
[Date "2019.12.07"]
[Round "5.5"]
[White "Lihosith, Peter"]
[Black "Kravec, Patrik"]
[Result "0-1"]
[WhiteElo "1895"]
[BlackElo "2130"]
[PlyCount "118"]
[EventDate "2019.10.12"]
[EventType "team-tourn"]
[EventRounds "11"]
[EventCountry "SVK"]
[SourceTitle "CBM 194 Extra"]
[Source "ChessBase"]
[SourceDate "2020.03.31"]
[SourceVersion "1"]
[SourceVersionDate "2020.03.31"]
[SourceQuality "1"]
[WhiteTeam "Bardejov"]
[BlackTeam "Sabinov"]
[WhiteTeamCountry "SVK"]
[BlackTeamCountry "SVK"]

1. e4 c5 2. Nc3 g6 3. g3 Bg7 4. Nge2 Nc6 5. Bg2 Nf6 6. d3 0-0 7. 0-0 d6 8. h3 Rb8 9. Be3 b5 10. Qd2 Ne5 11. f4 Ned7 12. g4 b4 13. Nd1 a5 14. Ng3 Ba6 15. g5 Ne8 16. c3 a4 17. Re1 a3 18. b3 Nc7 19. Rc1 bxc3 20. Nxc3 Nb5 21. Nxb5 Bxb5 22. d4 cxd4 23. Bxd4 Bxd4+ 24. Qxd4 Nc5 25. Rc3 Ne6 26. Qd2 Qb6+ 27. Kh2 Rfc8 28. Rec1 Rxc3 29. Rxc3 Qd4 30. Qxd4 Nxd4 31. b4 Bc6 32. Rc4 e5 33. f5 h6 34. h4 hxg5 35. hxg5 gxf5 36. Nxf5 Nxf5 37. Rxc6 Ne3 38. Bh3 Rxb4 39. Rc3 Nc4 40. g6 Kg7 41. gxf7 Kxf7 42. Kg3 Nd2 43. Rxa3 Nxe4+ 44. Kg2 Rb2+ 45. Kg1 Nc5 46. Ra7+ Kf6 47. Bg2 e4 48. Ra3 Ke5 49. Bf1 d5 50. Ra5 Kd4 51. Bb5 Rc2 52. Kf1 Ke3 53. Ra3+ Nd3 54. Ba4 Rc1+ 55. Kg2 Kd2 56. Bb5 Nc5 57. Kf2 d4 58. Rb3 e3+ 59. Kf3 d3 0-1

[Event "SVK-chT2D 1920"]
[Site "Slovakia"]
[Date "2019.10.26"]
[Round "1.3"]
[White "Pacholsky, Martin"]
[Black "Lihosith, Peter"]
[Result "1/2-1/2"]
[WhiteElo "1997"]
[BlackElo "1895"]
[PlyCount "87"]
[EventDate "2019.10.26"]
[EventType "team-tourn"]
[EventRounds "11"]
[EventCountry "SVK"]
[SourceTitle "CBM 193 Extra"]
[Source "ChessBase"]
[SourceDate "2020.01.31"]
[SourceVersion "1"]
[SourceVersionDate "2020.01.31"]
[SourceQuality "1"]
[WhiteTeam "Margecany"]
[BlackTeam "Bardejov BSK II"]
[WhiteTeamCountry "SVK"]
[BlackTeamCountry "SVK"]

1. e4 d6 2. d4 Nf6 3. Nc3 c6 4. Nf3 Bg4 5. Be2 Nbd7 6. 0-0 e5 7. dxe5 dxe5 8. Nd2 Be6 9. Bc4 Nc5 10. Bxe6 Nxe6 11. Nb3 Qc7 12. Qe2 b5 13. f3 Be7 14. Be3 0-0 15. Rad1 a5 16. Qf2 Nd7 17. a4 b4 18. Ne2 c5 19. f4 c4 20. Nd2 exf4 21. Nxf4 Nxf4 22. Bxf4 Qc6 23. Nxc4 Nf6 24. b3 Nxe4 25. Qf3 Bc5+ 26. Be3 Qe6 27. Bxc5 Nxc5 28. Qd5 Ne4 29. Rfe1 Rfe8 30. Rd4 f5 31. Qxe6+ Rxe6 32. Rd5 g6 33. Nxa5 Rc8 34. Nc4 Ree8 35. Rd7 Red8 36. Red1 Rxd7 37. Rxd7 Nc5 38. Rd6 Nxa4 39. Ra6 Nc3 40. Rb6 Ne2+ 41. Kf2 Nd4 42. Rxb4 Nxc2 43. Rb7 Nd4 44. Nd6 1/2-1/2

[Event "SVK-chT2D 1819"]
[Site "Slovakia"]
[Date "2019.04.06"]
[Round "10.3"]
[White "Lihosith, Peter"]
[Black "Gettvert, Vojtech"]
[Result "1-0"]
[WhiteElo "1894"]
[BlackElo "1882"]
[PlyCount "72"]
[EventDate "2018.10.13"]
[EventType "team-tourn"]
[EventRounds "11"]
[EventCountry "SVK"]
[SourceTitle "EXT 2020"]
[Source "ChessBase"]
[SourceDate "2019.10.17"]
[SourceVersion "1"]
[SourceVersionDate "2019.10.17"]
[SourceQuality "1"]
[WhiteTeam "Bardejov BSK II"]
[BlackTeam "Kosice Slavia UPJS III"]
[WhiteTeamCountry "SVK"]
[BlackTeamCountry "SVK"]

1. e4 d6 2. d4 Nf6 3. Bd3 e5 4. Ne2 exd4 5. Nxd4 Nc6 6. c3 Be7 7. 0-0 0-0 8. Nd2 Nxd4 9. cxd4 Re8 10. Re1 Bf8 11. Qc2 h6 12. f3 c6 13. Nf1 Nh5 14. g4 Nf6 15. Ng3 Qb6 16. Be3 c5 17. d5 Bd7 18. h3 Qd8 19. a4 Rc8 20. b3 h5 21. Bg5 hxg4 22. hxg4 Be7 23. Bf4 g6 24. Qh2 c4 25. bxc4 Bxg4 26. fxg4 Nxg4 27. Qe2 Nf6 28. Qf3 Kg7 29. e5 Nh7 30. Qg4 Bg5 31. exd6 Qb6+ 32. Kg2 Qb2+ 33. Ne2 Bxf4 34. Qxf4 Nf6 35. Kf3 Rh8 36. Rh1 Qb3 1-0

[Event "SVK-chT1E 1819"]
[Site "Slovakia"]
[Date "2018.10.27"]
[Round "1.7"]
[White "Timko, Milan"]
[Black "Lihosith, Peter"]
[Result "1/2-1/2"]
[WhiteElo "2052"]
[BlackElo "1894"]
[PlyCount "145"]
[EventDate "2018.10.27"]
[EventType "team-tourn"]
[EventRounds "11"]
[EventCountry "SVK"]
[SourceTitle "CBM 187 Extra"]
[Source "ChessBase"]
[SourceDate "2018.11.04"]
[SourceVersion "1"]
[SourceVersionDate "2018.11.04"]
[SourceQuality "1"]
[WhiteTeam "Kosice 1 CC"]
[BlackTeam "Bardejov"]
[WhiteTeamCountry "SVK"]
[BlackTeamCountry "SVK"]

1. d4 d5 2. Bf4 c6 3. e3 Qb6 4. b3 Nf6 5. Bd3 g6 6. Nd2 Bg7 7. Ngf3 Nbd7 8. 0-0 Nf8 9. c4 Ne6 10. Bg3 0-0 11. c5 Qd8 12. b4 Nh5 13. Bh4 f5 14. Ng5 Nxg5 15. Bxg5 Qe8 16. f4 Nf6 17. a4 Ne4 18. Nxe4 fxe4 19. Be2 h6 20. Bh4 Bf6 21. Be1 Bd7 22. h4 Kh7 23. g4 g5 24. hxg5 hxg5 25. Kg2 Rh8 26. Rh1+ Kg7 27. Bg3 Qg6 28. f5 Rxh1 29. Qxh1 Qh6 30. Qxh6+ Kxh6 31. b5 e6 32. fxe6 Bxe6 33. bxc6 bxc6 34. Rb1 Bd8 35. Rb8 Rxb8 36. Bxb8 a5 37. Ba6 Bxg4 38. Bb7 Bd7 39. Ba7 g4 40. Bb6 Bg5 41. Bxa5 Bxe3 42. Bc3 Bf4 43. a5 e3 44. Be1 Bf5 45. Bxc6 Be4+ 46. Kf1 Bd3+ 47. Kg1 g3 48. Bxd5 e2 49. Kg2 Be3 50. c6 Bxd4 51. Kxg3 Kg5 52. Kf3 Kf5 53. c7 Ba6 54. Bc4 Bb7+ 55. Kxe2 Be5 56. a6 Bxa6 57. Bxa6 Bxc7 58. Kf3 Bh2 59. Bc3 Be5 60. Bc8+ Kf6 61. Bd2 Bd4 62. Ke4 Bb2 63. Bg4 Ba1 64. Be1 Kg5 65. Be6 Bb2 66. Bf5 Bc1 67. Ba5 Bb2 68. Bd8+ Bf6 69. Bc7 Bb2 70. Bf4+ Kf6 71. Bg3 Kg5 72. Be5 Bxe5 73. Kxe5 1/2-1/2

[Event "SVK-chT2D 1718"]
[Site "Slovakia"]
[Date "2018.01.14"]
[Round "6.7"]
[White "Stromp, Julius"]
[Black "Lihosith, Peter"]
[Result "1/2-1/2"]
[WhiteElo "1999"]
[BlackElo "1859"]
[PlyCount "77"]
[EventDate "2017.10.28"]
[EventType "team-tourn"]
[EventRounds "11"]
[EventCountry "SVK"]
[SourceTitle "EXT 2019"]
[Source "ChessBase"]
[SourceDate "2018.10.10"]
[SourceVersion "1"]
[SourceVersionDate "2018.10.10"]
[SourceQuality "1"]
[WhiteTeam "Spisska Nova Ves"]
[BlackTeam "Bardejov II"]
[WhiteTeamCountry "SVK"]
[BlackTeamCountry "SVK"]

1. e4 c5 2. Nf3 d6 3. d4 cxd4 4. Nxd4 Nf6 5. Nc3 a6 6. Be2 e5 7. Nb3 Be7 8. Be3 Nbd7 9. 0-0 b6 10. Qd2 Bb7 11. f3 0-0 12. Rfd1 Rc8 13. Rac1 Qc7 14. Qe1 Rfd8 15. Qf1 b5 16. a3 Nb6 17. Qf2 Nbd7 18. Nd5 Bxd5 19. exd5 Nc5 20. Nxc5 dxc5 21. c4 bxc4 22. Bxc4 Qb7 23. Qe2 Rd6 24. b3 Nd7 25. f4 e4 26. Qc2 f5 27. g4 fxg4 28. Qxe4 Nf6 29. Qg2 Qd7 30. Qf2 Kh8 31. Re1 g3 32. Qxg3 Nxd5 33. Qf3 Nxe3 34. Qxe3 Rg6+ 35. Kh1 Bh4 36. Rcd1 Qc6+ 37. Bd5 Qd7 38. Bc4 Qc6+ 39. Bd5 1/2-1/2

[Event "SVK-chT1E 1718"]
[Site "Slovakia"]
[Date "2017.10.21"]
[Round "1.7"]
[White "Rogos, Jan Jr"]
[Black "Lihosith, Peter"]
[Result "1-0"]
[WhiteElo "2061"]
[BlackElo "1866"]
[PlyCount "79"]
[EventDate "2017.10.21"]
[EventType "team-tourn"]
[EventRounds "11"]
[EventCountry "SVK"]
[SourceTitle "CBM 181 Extra"]
[Source "ChessBase"]
[SourceDate "2017.12.12"]
[SourceVersion "1"]
[SourceVersionDate "2017.12.12"]
[SourceQuality "1"]
[WhiteTeam "Jelsava Magnezit"]
[BlackTeam "Bardejov"]
[WhiteTeamCountry "SVK"]
[BlackTeamCountry "SVK"]

1. e4 d6 2. d4 Nf6 3. Nc3 c6 4. Bg5 Qa5 5. Qd2 Nbd7 6. f3 e5 7. Nge2 Be7 8. g4 h6 9. Be3 exd4 10. Nxd4 Ne5 11. Be2 g6 12. 0-0-0 h5 13. g5 Nh7 14. h3 Be6 15. Nxe6 fxe6 16. f4 Nf7 17. Kb1 Nf8 18. Rhf1 a6 19. Bd3 Rg8 20. Qf2 Nd7 21. Qd2 b5 22. f5 exf5 23. exf5 b4 24. Ne2 gxf5 25. Nd4 Nde5 26. Nxf5 Bf8 27. Nd4 c5 28. g6 Nd8 29. Nb3 Qc7 30. Bf4 Ndc6 31. Bxe5 Nxe5 32. Be4 0-0-0 33. Qd5 Bg7 34. Qa8+ Kd7 35. Bf5+ Ke7 36. Qd5 Rge8 37. Qe6+ Kf8 38. Be4+ Nf7 39. Rxf7+ Kg8 40. Re7+ 1-0

[Event "SVK-chT2D 1617"]
[Site "Slovakia"]
[Date "2017.01.21"]
[Round "7.5"]
[White "Lihosith, Peter"]
[Black "Janov, Marian"]
[Result "0-1"]
[WhiteElo "1909"]
[BlackElo "1947"]
[PlyCount "80"]
[EventDate "2016.10.08"]
[EventType "team-tourn"]
[EventRounds "11"]
[EventCountry "SVK"]
[SourceTitle "EXT 2018"]
[Source "ChessBase"]
[SourceDate "2017.10.13"]
[SourceVersion "1"]
[SourceVersionDate "2017.10.13"]
[SourceQuality "1"]
[WhiteTeam "Bardejov II"]
[BlackTeam "Poprad LS VD"]
[WhiteTeamCountry "SVK"]
[BlackTeamCountry "SVK"]

1. b4 Nf6 2. Bb2 g6 3. g3 Bg7 4. Bg2 c6 5. c4 0-0 6. e3 d5 7. Na3 Na6 8. Bc3 Be6 9. d3 Nc7 10. Ne2 dxc4 11. dxc4 Qxd1+ 12. Rxd1 Bg4 13. f3 Be6 14. Nf4 Rad8 15. Nxe6 Rxd1+ 16. Kxd1 Nxe6 17. Kc2 Rd8 18. h3 Nh5 19. g4 Bxc3 20. Kxc3 Nf6 21. Nc2 c5 22. b5 b6 23. f4 h6 24. Bf3 Kg7 25. h4 Ne8 26. h5 Nd6 27. hxg6 fxg6 28. Ne1 g5 29. f5 Nf8 30. Bd5 Nd7 31. Nd3 Nf6 32. Bf3 Nde4+ 33. Kc2 Rxd3 34. Kxd3 Nf2+ 35. Ke2 Nxh1 36. e4 Ng3+ 37. Ke3 Ngxe4 38. Bxe4 Nxg4+ 39. Ke2 Kf6 40. Kd2 Ne5 0-1

[Event "SVK-chT1E 1415"]
[Site "Slovakia"]
[Date "2015.01.11"]
[Round "6.7"]
[White "Harvan, Richard"]
[Black "Lihosith, Peter"]
[Result "1-0"]
[WhiteElo "2056"]
[BlackElo "2008"]
[PlyCount "205"]
[EventDate "2014.10.18"]
[EventType "team-tourn"]
[EventRounds "11"]
[EventCountry "SVK"]
[SourceTitle "EXT 2016"]
[Source "ChessBase"]
[SourceDate "2015.10.08"]
[SourceVersion "1"]
[SourceVersionDate "2015.10.08"]
[SourceQuality "1"]
[WhiteTeam "Humenne"]
[BlackTeam "Bardejov"]
[WhiteTeamCountry "SVK"]
[BlackTeamCountry "SVK"]

1. e4 d6 2. d4 Nf6 3. Nc3 c6 4. f3 Nbd7 5. Be3 e5 6. Nge2 Be7 7. Qd2 a6 8. g4 Nb6 9. Ng3 g6 10. 0-0-0 Nfd7 11. f4 exf4 12. Bxf4 Nf8 13. Be2 Ne6 14. Be3 d5 15. Rde1 Nc4 16. Bxc4 dxc4 17. e5 Bg5 18. Nge4 Bxe3 19. Qxe3 Qxd4 20. Nd6+ Ke7 21. Qf3 Qf4+ 22. Qxf4 Nxf4 23. Rhf1 g5 24. Nce4 h6 25. h4 Rg8 26. hxg5 hxg5 27. Nxg5 Rxg5 28. Rxf4 Be6 29. Nxb7 a5 30. Nd6 c3 31. bxc3 Rxg4 32. Rxg4 Bxg4 33. Rf1 Be6 34. Kb2 Rb8+ 35. Ka3 Rh8 36. Nb7 Rh3 37. Kb2 a4 38. a3 Re3 39. Nc5 Rxe5 40. Nxa4 f5 41. c4 Bxc4 42. Rf4 Ba6 43. Rb4 Kf6 44. Nc3 Kg5 45. Rb6 Bf1 46. Rxc6 f4 47. Rc8 f3 48. Rf8 Be2 49. Kc1 Kg4 50. Kd2 Kg3 51. a4 Kg2 52. Rg8+ Kf2 53. Rg7 Re6 54. Rg5 Kf1 55. a5 Bc4 56. Rf5 Kg2 57. Nd1 Re2+ 58. Kc3 Be6 59. Rf6 Bd5 60. Kd3 Be4+ 61. Kd4 Ba8 62. Ne3+ Kf2 63. Ng4+ Ke1 64. Kc3 Be4 65. a6 Rxc2+ 66. Kd4 Ba8 67. Rf8 Rd2+ 68. Kc3 Be4 69. a7 Rc2+ 70. Kb3 Re2 71. a8Q Bxa8 72. Rxa8 f2 73. Ra1+ Kd2 74. Rf1 Re4 75. Rxf2+ Kd3 76. Rg2 Re8 77. Rg3+ Kd4 78. Kc2 Rc8+ 79. Kd2 Ra8 80. Ne3 Ra2+ 81. Nc2+ Ke4 82. Re3+ Kf4 83. Re8 Kf5 84. Kd3 Ra7 85. Nd4+ Kf6 86. Re6+ Kf7 87. Rh6 Ra1 88. Nf3 Ke7 89. Ke4 Ra4+ 90. Kf5 Ra2 91. Re6+ Kd7 92. Ne5+ Kc7 93. Rc6+ Kb7 94. Rc5 Rf2+ 95. Ke6 Re2 96. Kd6 Rd2+ 97. Ke7 Re2 98. Kd8 Rd2+ 99. Nd7 Ka6 100. Kc7 Ra2 101. Nb8+ Ka7 102. Rb5 Ra1 103. Nc6+ 1-0

[Event "SVK-chT2D 14/15"]
[Site "Slovakia"]
[Date "2014.12.07"]
[Round "6.5"]
[White "Lihosith, Peter"]
[Black "Zahradnik, Vladimir"]
[Result "1/2-1/2"]
[WhiteElo "2008"]
[BlackElo "1973"]
[PlyCount "53"]
[EventDate "2014.10.11"]
[EventType "team-tourn"]
[EventRounds "11"]
[EventCountry "SVK"]
[SourceTitle "EXT 2019"]
[Source "ChessBase"]
[SourceDate "2018.10.10"]
[SourceVersion "1"]
[SourceVersionDate "2018.10.10"]
[SourceQuality "1"]
[WhiteTeam "Bardejov BSK"]
[BlackTeam "Presov Tatran Dason"]
[WhiteTeamCountry "SVK"]
[BlackTeamCountry "SVK"]

1. Nf3 c5 2. b3 d5 3. Bb2 Nc6 4. e3 a6 5. Be2 Nf6 6. 0-0 e6 7. d4 cxd4 8. exd4 Bd6 9. a4 b6 10. Re1 0-0 11. Ba3 Bb7 12. Bxd6 Qxd6 13. Bd3 Nb4 14. Bf1 Rfc8 15. c3 Nc6 16. Bd3 h6 17. h3 Rc7 18. Ra2 Rac8 19. Qe2 Nb8 20. Ne5 Rf8 21. Qe3 Nc6 22. Qe2 Ra8 23. Qe3 Ne7 24. Qf4 Rf8 25. g4 Ne4 26. Qe3 f5 27. Bxe4 1/2-1/2

[Event "SVK-chT1E 1314"]
[Site "Slovakia"]
[Date "2014.03.23"]
[Round "11.1"]
[White "Lihosith, Peter"]
[Black "Bukovy, Lubomir"]
[Result "1-0"]
[WhiteElo "1992"]
[BlackElo "1820"]
[PlyCount "101"]
[EventDate "2013.10.12"]
[EventType "team-tourn"]
[EventRounds "11"]
[EventCountry "SVK"]
[SourceTitle "EXT 2015"]
[Source "ChessBase"]
[SourceDate "2014.11.20"]
[SourceVersion "1"]
[SourceVersionDate "2014.11.20"]
[SourceQuality "1"]
[WhiteTeam "Bardejov"]
[BlackTeam "Kysucke Nove Mesto"]
[WhiteTeamCountry "SVK"]
[BlackTeamCountry "SVK"]

1. d4 Nf6 2. Nf3 d6 3. Nc3 Bf5 4. Nh4 Bd7 5. e4 e5 6. Nf3 exd4 7. Nxd4 Nc6 8. Be3 Be7 9. Be2 0-0 10. 0-0 Re8 11. f4 Bf8 12. Bf3 g6 13. Bf2 Bg7 14. Nde2 Ng4 15. Qe1 Nxf2 16. Qxf2 Qc8 17. h3 f5 18. Rad1 fxe4 19. Bxe4 Bf5 20. Bd5+ Be6 21. f5 Bxd5 22. Rxd5 Rf8 23. Ng3 Ne7 24. Qe2 Nxd5 25. Nxd5 Qe8 26. Qc4 Kh8 27. f6 Bh6 28. Qh4 Be3+ 29. Kh1 Qe5 30. Ne7 Qg5 31. Qxg5 Bxg5 32. Ne4 Bxf6 33. Nxf6 Kg7 34. Ned5 c6 35. Nc7 Rac8 36. Ne6+ Kf7 37. Nxf8 Kxf8 38. Nxh7+ Kg7 39. Ng5 Re8 40. Rf2 Re5 41. h4 b6 42. Rf7+ Kg8 43. Rxa7 Re2 44. Ra6 Rxc2 45. Rxb6 d5 46. Nf3 Rc1+ 47. Kh2 Kg7 48. Ne5 d4 49. Nd3 Rd1 50. Nf4 d3 51. Nxd3 1-0